family guy quiz - Statistics

General Stats
  • This quiz has been taken 84 times
  • The average score is 14 of 16
Answer Stats
Picture Answer % Correct
Peter
99%
Stewie
99%
Brian
96%
Chris
96%
Lois
96%
Meg
96%
Joe
94%
Quagmire
94%
Cleveland
91%
Evil Monkey
86%
Adam West
79%
Giant Chicken
79%
Herbert
79%
Mort
74%
Dr Hartman
70%
Bruce
56%
No matching quizzes found
Score Distribution
Percent of People with Each Score
Percentile by Number Answered
Your Score History
You have not taken this quiz